|
|
|
|
| LEADER |
00000nam0a2200000 4500 |
| 001 |
145551 |
| 005 |
20231031144122.0 |
| 035 |
|
|
|a (RuTPU)RU\TPU\book\157757
|
| 090 |
|
|
|a 145551
|
| 100 |
|
|
|a 20081018d1967 m y0rusy50 ca
|
| 101 |
0 |
|
|a rus
|
| 102 |
|
|
|a RU
|
| 105 |
|
|
|a a z 000zy
|
| 200 |
1 |
|
|a Тайна образования алмазов
|f В. Г. Васильев, В. В. Ковальский, Н. В. Черский
|
| 210 |
|
|
|a Москва
|c Знание
|d 1967
|
| 215 |
|
|
|a 32 с.
|c схемы
|
| 225 |
1 |
|
|a Новое в жизни, науке, технике
|
| 225 |
1 |
|
|a Науки о Земле
|
| 610 |
1 |
|
|a алмазы
|
| 610 |
1 |
|
|a образование
|
| 610 |
1 |
|
|a история
|
| 610 |
1 |
|
|a свойства
|
| 610 |
1 |
|
|a получение
|
| 610 |
1 |
|
|a география
|
| 610 |
1 |
|
|a происхождение
|
| 610 |
1 |
|
|a гипотезы
|
| 675 |
|
|
|a 553.8
|v 3
|
| 700 |
|
1 |
|a Васильев
|b В. Г.
|g Виктор Григорьевич
|
| 701 |
|
1 |
|a Ковальский
|b В. В.
|g Виталий Владимирович
|
| 701 |
|
1 |
|a Черский
|b Н. В.
|g Николай Васильевич
|
| 801 |
|
1 |
|a RU
|b 63413507
|c 20081018
|g PSBO
|
| 801 |
|
2 |
|a RU
|b 63413507
|c 20090331
|g PSBO
|
| 942 |
|
|
|c BK
|